Integration of the humanities and the social sciences : a symposium.

Bibliographic Details
Corporate Author: Conference on Integration of the Humanities and the Social Sciences Southern Methodist University
Format: Conference Proceeding Book
Language:English
Published: Dallas : University Press, 1948.
Series:Southern Methodist University studies ; no. 4.
Subjects:

MARC

Tag First Indicator Second Indicator Subfields
LEADER 00000cam a2200000 4500
001 in00000072025
005 20151008062519.0
008 750715s1948 txu 00000 engmd
010 |a a 49001334  
035 |a (OCoLC)01448887 
035 |9 AAK0382AM 
040 |c YNG  |d m.c.  |d TXA  |d UtOrBLW 
049 |a TXAM  |c [1502068] 
090 |a AS36  |b .D23 no.4 
111 2 |a Conference on Integration of the Humanities and the Social Sciences  |d (1947 :  |c Southern Methodist University) 
245 1 0 |a Integration of the humanities and the social sciences :  |b a symposium. 
264 1 |a Dallas :  |b University Press,  |c 1948. 
300 |a vii, 92 pages ;  |c 24 cm. 
336 |a text  |b txt  |2 rdacontent 
337 |a unmediated  |b n  |2 rdamedia 
338 |a volume  |b nc  |2 rdacarrier 
490 1 |a Southern Methodist University studies, no. 4 
504 |a Bibliographical footnotes. 
650 0 |a Articulation (Education) 
650 0 |a Humanities  |x Study and teaching. 
650 0 |a Social sciences  |x Study and teaching. 
830 0 |a Southern Methodist University studies ;  |v no. 4. 
999 |a MARS 
999 f f |s 5ebdb0e1-95a2-3f72-910e-dedf043344df  |i 44f69c2a-8e62-335e-b3b9-c798a7680a94  |t 0 
952 f f |p ric  |a Texas A&M University  |b Rellis Campus  |c Joint Library Facility  |d Remote Storage  |t 0  |e AS36 .D23 no.4  |h Library of Congress classification  |i unmediated -- volume  |m A14815786336 
998 f f |a AS36 .D23 no.4  |t 0  |l Remote Storage